000 00550nam a2200145Ia 4500
008 100122s9999 xx 000 0 und d
082 _b64127
_a641.5
100 _aराणे अमर
245 _aपंचतारांकित रेसिपीज् ( क.क्र.8/1 )
260 _bऔदुंबर
_c2001
300 _a74
630 _aपंचतारांकित रेसिपीज् ( क.क्र.8/1 )
730 _aपंचतारांकित रेसिपीज् ( क.क्र.8/1 )
942 _cBOOK
999 _c437783
_d437780